Are You Smarter Than a College Student? XXII Quiz Stats

Quiz Updated Sep 19, 2016

Challenge
Share
Tweet
Embed
Score 0/30 Timer 07:00
2 Plays Today
Hint Answer % Correct
Easygiraffe
96.7%
EasyEiffel Tower
95.4%
EasyCoffee
95%
EasyHoffman
93.5%
Easygraffiti
90.5%
EasyBuffy
87.5%
EasyBuffalo
84%
Easywaffle
80.5%
EasyThomas Jefferson
75.7%
EasyDaffy Duck
73.7%
Mediumshuffleboard
64.4%
Mediumgriffin
62.6%
Mediumsuffrage
62.4%
Mediumsaffron
57.7%
MediumDunder-Mifflin
54.5%
Hint Answer % Correct
Mediumdaffodil
54.3%
Mediumsoufflé
53.5%
Mediumbailiff
50.6%
MediumCardiff
47%
MediumLuftwaffe
46.4%
HardThe Offspring
40.7%
Hardgaffer
39.2%
HardJoffrey
38.6%
HardTiffany
37.2%
Hardcoefficient
27.7%
HardTraffic
25.5%
HardGeorgia O'Keeffe
23.6%
HardSir John Falstaff
16%
HardMacGuffin
14%
HardJacques Offenbach
7.4%

You're not logged in!

Compare scores with friends on all Sporcle quizzes.
Sign Up with Email
OR
Log In

Show Comments

Extras

Top Quizzes Today


Score Distribution

Your Account Isn't Verified!

In order to create a playlist on Sporcle, you need to verify the email address you used during registration. Go to your Sporcle Settings to finish the process.

Report this User

Report this user for behavior that violates our Community Guidelines.

Details: